Top 3 rated players in every FIFA Game - Statistics

General Stats
  • This quiz has been taken 147 times
  • The average score is 56 of 102
Answer Stats
Hint Player % Correct
FIFA 08 | FIFA 09 | FIFA 10 | +10 others Cristiano Ronaldo
100%
FIFA 09 | FIFA 10 | FIFA 11 | +9 others Lionel Messi
100%
FIFA 2000 | FIFA 2004 | FIFA 98 Ronaldo
99%
FIFA 17 | FIFA 18 | FIFA 19 | FIFA 20 Neymar Jr
87%
FIFA 06 | FIFA 07 | FIFA 08 Ronaldinho
80%
FIFA 17 | FIFA 18 Manuel Neuer
65%
FIFA 12 | FIFA 13 Xavi
61%
FIFA 13 Andres Iniesta
60%
FIFA 07 Wayne Rooney
59%
FIFA 2000 | FIFA 2001 | FIFA 2002 | +3 others Zinedine Zidane
59%
FIFA 08 | FIFA 09 Kaka
56%
FIFA 16 | FIFA 17 | FIFA 18 Luis Suarez
56%
FIFA 2004 | FIFA 2005 Thierry Henry
49%
FIFA 15 Zlatan Ibrahimovic
47%
FIFA 15 | FIFA 16 Arjen Robben
44%
FIFA 99 David Beckham
41%
FIFA 13 | FIFA 14 Franck Ribery
40%
FIFA 06 | FIFA 07 | FIFA 08 | FIFA 2005 Gianluigi Buffon
38%
FIFA 06 | FIFA 09 | FIFA 10 | FIFA 11 Iker Casillas
35%
FIFA 2002 | FIFA 2003 Oliver Kahn
35%
FIFA 2000 | FIFA 2001 Rivaldo
33%
FIFA 2001 | FIFA 2002 Andriy Shevchenko
27%
FIFA 2001 | FIFA 2002 Luis Figo
27%
FIFA 99 Michael Owen
25%
FIFA 99 Alessandro Del Piero
23%
FIFA 99 Dennis Bergkamp
23%
FIFA 99 Raul Gonzalez
23%
FIFA 07 Alessandro Nesta
21%
FIFA 97 Ryan Giggs
21%
FIFA 97 Alan Shearer
19%
FIFA 96 Roberto Baggio
17%
FIFA 96 Romario
17%
FIFA 97 Eric Cantona
14%
FIFA 97 | FIFA 98 George Weah
12%
FIFA 2003 | FIFA 2004 Edgar Davids
10%
FIFA 2001 | FIFA 99 Gabriel Batistuta
10%
FIFA 14 Radamel Falcao
10%
FIFA 2003 Roy Keane
10%
FIFA 97 Lothar Matthaus
9%
FIFA 98 Peter Schmeichel
8%
FIFA 97 Gheorghe Hagi
7%
FIFA 96 Jose Bebeto
6%
FIFA 97 David Seaman
4%
FIFA 97 Jari Litmanen
4%
FIFA 10 Julio Cesar
4%
FIFA 97 Marco Rossi
3%
No matching quizzes found
Score Distribution
Percent of People with Each Score
Percentile by Number Answered
Your Score History
You have not taken this quiz